Effect of gamma irradiation and leaching conditions on residual extractable protein content in radiation vulcanized natural rubber latex films (Record no. 57868)

MARC details
000 -LEADER
fixed length control field 00566nam a2200193Ia 4500
100 ## - MAIN ENTRY--AUTHOR NAME
Personal name George M
245 #0 - TITLE STATEMENT
Title Effect of gamma irradiation and leaching conditions on residual extractable protein content in radiation vulcanized natural rubber latex films
260 ## - PUBLICATION, DISTRIBUTION, ETC. (IMPRINT)
Name of publisher Rubber India
Year of publication 2001
300 ## - PHYSICAL DESCRIPTION
Number of Pages 15-Sep
650 ## - SUBJECT ADDED ENTRY--TOPICAL TERM
Topical Term Extractable proteins
650 ## - SUBJECT ADDED ENTRY--TOPICAL TERM
Topical Term Leaching
650 ## - SUBJECT ADDED ENTRY--TOPICAL TERM
Topical Term Post-heating
650 ## - SUBJECT ADDED ENTRY--TOPICAL TERM
Topical Term RVNRL
700 ## - ADDED ENTRY--PERSONAL NAME
Personal name Britto I J
700 ## - ADDED ENTRY--PERSONAL NAME
Personal name Sebastian M S
700 ## - ADDED ENTRY--PERSONAL NAME
Personal name Thomas E V
942 ## - ADDED ENTRY ELEMENTS (KOHA)
Koha item type Journals
Holdings
Withdrawn status Lost status Damaged status Not for loan Home library Current library Shelving location Date acquired Serial Enumeration / chronology Koha item type
      Journals RRII Library RRII Library Rubber chemistry 20/03/2003 Volume LIII, Issue 8 Journals